Statistics for avengers infinity war quiz

Click here to take the quiz!

General Stats

  • This quiz has been taken 404 times
  • The average score is 11 of 15

Answer Stats

HintAnswer% Correct
(he get very strong shield)captain america
99%
(Get hammer)thor
99%
(get bow and arrows)hawkeye
93%
(he is big and green)hulk
93%
(he is a tree)groot
91%
(she get red hands when uses powers)scarlet witch
90%
(superhero brother but he is evil)loki
81%
(She is blue)nebula
81%
(he get stone in his head)vision
80%
(He killed venom)spider man
78%
(get metal hand)thanos
55%
(he is destroyer)drax
52%
( she will be the main woman)captain marvel
47%
(he is little and sweet)rocket raccoon
26%
(don have hint)star lord
19%

Score Distribution

Percentile by Number Answered

Percent of People with Each Score

Your Score History

You have not taken this quiz